ბათუმის შოთა რუსთაველის სახელმწიფო უნივერსიტეტის ბიბლიოთეკა

შუშანიკის წამება (ბიბ.ჩანაწერი № 48769)

000 -LEADER
fixed length control field 01601nam a2200217Ia 4500
001 - CONTROL NUMBER
control field 15670
003 - CONTROL NUMBER IDENTIFIER
control field GE_BSU
008 - FIXED-LENGTH DATA ELEMENTS--GENERAL INFORMATION
fixed length control field 181216s||||||||xx |||||||||||||| ||und||
040 ## - CATALOGING SOURCE
Transcribing agency GE_BSU
080 ## - UNIVERSAL DECIMAL CLASSIFICATION NUMBER
Universal Decimal Classification number 821.353.1(აგიოგრ.)+ 821.353.1-97
100 ## - MAIN ENTRY--PERSONAL NAME
Personal name იაკობ, ცურტაველი
245 ## - TITLE STATEMENT
Title შუშანიკის წამება
245 ## - TITLE STATEMENT
Statement of responsibility, etc. შემდგ. და რედ.: ოთარ ეგაძე ; ძვ. ქართ. ტექსტის ასლი ე. მაჭავარიანისა ; ილ.: მ. მალაზონია, ბ. ბერძენიშვილი ; რუს. თარგმანი კ. კეკელიძისა ; ილ.: ო. ქოჩაკიძე, ა. სლოვინსკი, ი. ჩიკვაიძე ; ლათ. თარგმანი რ. პეტერსის ; ილ.: ლ. ცუცქირიძე ; ინგლ. თარგმანი ე. ფულერის ; ილ.: ზ. ნიჟარაძე ; ფრ. თარგმანი ს. წულაძ
260 ## - PUBLICATION, DISTRIBUTION, ETC.
Place of publication, distribution, etc. თბილისი
260 ## - PUBLICATION, DISTRIBUTION, ETC.
Name of publisher, distributor, etc. ხელოვნება
260 ## - PUBLICATION, DISTRIBUTION, ETC.
Date of publication, distribution, etc. 1983
300 ## - PHYSICAL DESCRIPTION
Extent 346გვ. : ილ. ; 29სმ
520 ## - SUMMARY, ETC.
Summary, etc. ტექსტი ნუსხური და მხედრული შრიფტით. - ტექსტი ძვ. ქართ., ქართ., რუს., ლათინ., ინგლ., ფრანგ., ესპ. და გერმ. ენებზე.
653 ## - INDEX TERM--UNCONTROLLED
Uncontrolled term შუშანიკის წამება
942 ## - ADDED ENTRY ELEMENTS (KOHA)
Koha item type წიგნი
ეგზემპლარები
Withdrawn status Lost status Damaged status Not for loan Date acquired Barcode Date last seen Price effective from Koha item type
        2018-12-17 38689 2018-12-17 2018-12-17 წიგნი